| 000 | 00000nam##2200000za#4500 |
| 001 | 9.581334 |
| 003 | CaOODSP |
| 005 | 20220623125950 |
| 007 | cr ||||||||||| |
| 008 | 150406|2015||||xxc|||||o f|0| 0 eng|d |
| 020 | |a978-1-100-25488-3 |
| 022 | |a1707-0503 |
| 040 | |aCaOODSP|beng |
| 043 | |an-cn--- |
| 086 | 1 |aCS11-621/95E-PDF |
| 245 | 00|aPerformance of oil and gas field machinery manufacturing / |h[electronic resource]|cby Elizabeth Richards. |
| 260 | |aOttawa - Ontario : |bStatistics Canada |cFebruary 2015. |
| 300 | |a11p.|bcoloured figs., tables |
| 490 | 1 |aAnalysis in brief|x1707-0503|vNo. 95 |
| 590 | |a15-06|b2015-02-06 |
| 710 | 2 |aStatistics Canada. |
| 775 | 08|tRendement de la fabrication de machines pour l'exploitation pétrolière et gazière / |w(CaOODSP)9.608153 |
| 830 | #0|aAnalysis in brief (Statistics Canada)|x1707-0503|vNo. 95|w(CaOODSP)9.504715 |
| 856 | 40|ahttp://publications.gc.ca|qPDF|s205 KB|uhttps://publications.gc.ca/collections/collection_2015/statcan/11-621-m/11-621-m2015095-eng.pdf|yNo. 95 |